Normale Ansicht MARC-Ansicht ISBD

Kreml' za rešetkoj : (Titelsatznr. 48006)

[ MARC ]
MARC-Details
000 -Satzkennung
Kontrollfeld mit fester Länge 00781nam a22002651c 4500
001 - Kontrollnummer
Kontrollfeld a987689833
008 - Feld mit fester Länge zur physischen Beschreibung - Allgemeine Angaben
Kontrollfeld mit fester Länge 180704s2017 gw |||| 000u rus d
020 ## - Internationale Standardbuchnummer
Internationale Standardbuchnummer 9785852094100
Verknüpfung 978-5-85209-410-0
041 ## - Sprachcode
Sprachcode des Textes/der Tonspur oder des separaten Titels rus
040 ## - Katalogisierungsquelle
Übertragungsstelle RU-10907106
003 - Kontrollnummer Identifier
Kontrollfeld RU-10907106
100 1# - Haupteintragung - Personenname
Personenname Spiridonova, M. A.
245 00 - Titel
Titel Kreml' za rešetkoj :
Zusatz zum Titel (Podpol'naja Rossija)
250 ## - Ausgabebezeichnung
Ausgabebezeichnung Reprint der Ausgabe Berlin 1922
264 ## - Produktion, Veröffentlichung, Distribution, Herstellung und Urheberrechtsvermerk
Herstellungs-, Veröffentlichungs- Vertriebs-, Erzeugungsort Moskva,
Datum der Herstellung, der Veröffentlichung, des Vertriebs oder des Urheberschutzvermerks 2017
300 ## - Physische Beschreibung
Umfang 241 Seiten
490 #0 - Gesamttitelangabe
Gesamttitelangabe K 100-letiju Velikoj rossijskoj revoljucii
650 #0 - Nebeneintragung unter einem Schlagwort - Sachschlagwort
Sachschlagwort oder geografischer Name als Eintragungselement Gefängnis
651 #0 - Nebeneintragung unter einem Schlagwort - Geografischer Name
Geografischer Name Russland
651 #0 - Nebeneintragung unter einem Schlagwort - Geografischer Name
Geografischer Name Sowjetunion
700 1# - Nebeneintragung - Personenname
Personenname Izmajlovič, A. A.
Funktionsbezeichnung VerfasserIn
700 1# - Nebeneintragung - Personenname
Personenname Karelin, V. A.
Funktionsbezeichnung VerfasserIn
710 2# - Nebeneintragung - Körperschaftsname
Körperschafts- oder Gebietskörperschaftsname als Eintragungselement Gosudarstvennaja publičnaja istoričeskaja biblioteka Rossii
942 ## - Zusätzliche Felder (Koha)
Koha-Medientyp Monographien
Exemplare
Ausgeschieden Verloren Klassifikation oder Aufstellungssystematik Beschädigt Nicht entleihbar Heimatbibliothek Aufenthaltsbibliothek Aufstellungsort Erwerbungsdatum Inventarnummer Signatur Barcode Letzte Aktivität Preis gültig von Koha-Medientyp
    Andere/Generische Klassifikation     MWN Osteuropa MWN Osteuropa Magazin - 2 04/07/2018 18-01227 R 61 ej Spi E0040150790E8946 23/02/2021 22/03/2021 Monographien